Rhizoctonia spp. associated with brown patch of St. Augustinegrass : isolate characterization, host range, and screening for resistance /

Bibliographic Details
Main Author: Hurd, Bernadette Murphy, 1956-
Format: Thesis eBook
Language:English
Published: [Place of publication not identified] : [publisher not identified] ; 1982.
Subjects:
Online Access:Link to OAKTrust copy

MARC

Tag First Indicator Second Indicator Subfields
LEADER 00000cam a2200000 a 4500
001 in00000522754
005 20220103114839.0
007 cr unu a
008 840711s1982 xx a b 00010 eng d
035 |9 ACF9228AM 
035 |a (OCoLC)10937838 
040 |a TXA  |c TXA  |d UtOrBLW 
043 |a n-us-tx 
049 |a TXAZ [Also in] [Archives]  |c 1 [1807848], 2 [1807849] 
099 |a 1982  |a Thesis  |a H959 
100 1 |a Hurd, Bernadette Murphy,  |d 1956- 
245 1 0 |a Rhizoctonia spp. associated with brown patch of St. Augustinegrass :  |b isolate characterization, host range, and screening for resistance /  |c by Bernadette Murphy Hurd. 
264 1 |a [Place of publication not identified] :  |b [publisher not identified] ;  |c 1982. 
300 |a viii, 50 leaves :  |b illustrations ;  |c 29 cm. 
336 |a text  |b txt  |2 rdacontent 
337 |a computer  |b c  |2 rdamedia 
338 |a online resource  |b cr  |2 rdacarrier 
500 |a "Major subject: Plant Pathology." 
500 |a Typescript (photocopy). 
500 |a Vita. 
502 |b M.S.  |c Texas A&M University  |d 1982. 
504 |a Bibliography: leaves 45-49. 
530 |a Also available online. 
650 0 |a Saint Augustinegrass  |x Diseases and pests. 
650 0 |a Saint Augustinegrass  |z Texas  |x Growth. 
650 0 |a Turfgrasses  |z Texas  |x Growth. 
650 4 |a Major plant pathology. 
856 4 1 |u https://hdl.handle.net/1969.1/ETD-TAMU-1982-THESIS-H959  |z Link to OAKTrust copy  |t 0 
999 |a MARS 
999 f f |s 152730e0-b4ba-31c1-a2de-3893fd0fd30b  |i 39e01805-1cae-3881-bcd1-9531c937da71  |t 0 
952 f f |p noncirc  |a Texas A&M University  |b J.J. Pickle Campus  |c High Density Repository  |s HDR  |d Remote Storage  |t 0  |e 1982 Thesis H959  |h Other scheme  |i computer -- online resource  |m A14841009840 
952 f f |a Texas A&M University  |b College Station  |c Electronic Resources  |s www_evans  |d Available Online  |t 0  |e 1982 Thesis H959  |h Other scheme 
998 f f |a 1982 Thesis H959  |t 0  |l Available Online 
998 f f |a 1982 Thesis H959  |t 0  |l Remote Storage